[Event "Match \"]
[Site "masterchessopen.com - Dresden (Germany)"]
[Round "2"]
[White "Dolezal Jiri (CZE)"]
[Black "Liebert Heinz (GER)"]
[Result "0-1"]
[WhiteElo "1775"]
[BlackElo "2247"]

1.d4 f5 2.g3 g6 3.Bg2 Bg7 4.Nf3 Nf6 5.O-O O-O 6.c4 d6 7.Nc3 c6 8.d5 Qa5 9.a3
Qa6 10.Nd2 e5 11.b4 e4 12.dxc6 bxc6 13.b5 Qb6 14.Nb3 Ng4 15.Na4 Qd8 16.Bb2 Ne5
17.Rc1 Be6 18.bxc6 Nbxc6 19.c5 Rb8 20.Nd2 d5 21.Bxe5 Bxe5 22.e3 Qa5 23.Re1
Rfd8 24.Bf1 Kg7 25.Qc2 Bf6 26.Be2 d4 27.Nc4 Bxc4 {#R} 0-1

[Event "Memorial Em.Lasker"]
[Site "masterchessopen.com - Berlin (Germany)"]
[Round "6"]
[White "O'kelly De Galway Alberic (BEL)"]
[Black "Liebert Heinz (GER)"]
[Result "0-1"]
[WhiteElo "2460"]
[BlackElo "2247"]

1.d4 f5 2.c4 Nf6 3.g3 g6 4.Bg2 Bg7 5.Nc3 d6 6.Nf3 O-O 7.O-O c6 8.d5 Qa5 9.Qb3
cxd5 10.cxd5 Na6 11.Be3 Bd7 12.Rfc1 Rfc8 13.Qd1 Nc5 14.Nd2 Na4 15.Nb3 Qa6
16.Nxa4 Bxa4 17.Bd4 Bb5 18.Qd2 b6 19.Qe3 Qb7 20.Nd2 Be8 21.Qd3 Rxc1+ 22.Rxc1
Rc8 23.Rd1 Bf7 24.e4 fxe4 25.Nxe4 Nxe4 26.Bxe4 Bxd5 27.Bxg6 hxg6 28.Bxg7 Bh1
29.f3 Qxf3 30.Qxf3 Bxf3 31.Rd3 Kxg7 32.Rxf3 Rc1+ {#R} 0-1

[Event "Ch BRD"]
[Site "masterchessopen.com - Bad Pyrmont (Germany)"]
[Round "5"]
[White "Gerusel Mathias (GER)"]
[Black "Clemens Christian Dr (GER)"]
[Result "1-0"]
[WhiteElo "2239"]
[BlackElo "2314"]

1.d4 f5 2.g3 Nf6 3.Bg2 g6 4.Nf3 Bg7 5.c4 O-O 6.O-O d6 7.Nc3 c6 8.Re1 Na6 9.b3
Qa5 10.Bb2 e5 11.e4 fxe4 12.Nxe4 Nxe4 13.Rxe4 Bf5 14.Re1 Nb4 15.Qd2 Qb6 16.Nh4
exd4 17.Nxf5 Rxf5 18.Re7 Bf6 19.Rd7 Be5 20.Bh3 Raf8 21.Qh6 R8f7 22.Bxf5 Bg7
23.Qh4 gxf5 24.Rxf7 Kxf7 25.Qxh7 Qc5 26.Re1 Nd3 27.Qh5+ Kf6 28.Qh4+ Kf7
29.Qe7+ Kg6 30.Qe8+ {#r} 1-0

[Event "Ch URS (team)"]
[Site "masterchessopen.com - Moscow (Russia)"]
[Round "0"]
[White "Goldin Vladimir M (RUS)"]
[Black "Mukhin Mikhail (RUS)"]
[Result "1-0"]
[WhiteElo "2316"]
[BlackElo "2420"]

1.Nf3 f5 2.g3 Nf6 3.Bg2 g6 4.O-O Bg7 5.c4 O-O 6.Nc3 d6 7.d4 c6 8.d5 h6 9.Qc2
Kh7 10.e4 Qc7 11.Nh4 fxe4 12.Nxe4 cxd5 13.Nc3 Kg8 14.Qxg6 Qxc4 15.Bxh6 Rf7
16.Nxd5 Nbd7 17.Nf5 {#r} 1-0

[Event "Ch Buenos Aires"]
[Site "masterchessopen.com - Buenos Aires (Argentina)"]
[Round "7"]
[White "Behrensen Jorge (ARG)"]
[Black "Studenetzky Moises (ARG)"]
[Result "1-0"]
[WhiteElo "2325"]
[BlackElo "2145"]

1.d4 f5 2.g3 Nf6 3.Bg2 d6 4.Nf3 c6 5.O-O g6 6.c4 Bg7 7.Nc3 O-O 8.Re1 Ne4 9.Qd3
Nxc3 10.Qxc3 Qc7 11.e4 c5 12.Qd3 Na6 13.d5 Nb4 14.Qb3 fxe4 15.Rxe4 Bf5 16.Re2
b5 17.cxb5 Bd3 18.Rd2 Bxb5 19.Ng5 Bd7 20.Re2 Rae8 21.a3 Qa5 22.Bd2 Qa6 23.Bf1
Qd3 24.Qd1 Nxd5 25.Re4 {#r} 1-0

[Event "Tournament"]
[Site "masterchessopen.com - Parnu (Estonia)"]
[Round "0"]
[White "Karner Hillar (EST)"]
[Black "Etruk Rein T (EST)"]
[Result "1-0"]
[WhiteElo "2251"]
[BlackElo "2398"]

1.d4 d6 2.c4 f5 3.g3 Nf6 4.Bg2 g6 5.Nf3 Bg7 6.O-O O-O 7.Nc3 c6 8.d5 e5 9.dxe6
Bxe6 10.b3 Ne4 11.Nxe4 fxe4 12.Nd4 Bf7 13.Bxe4 Qe7 14.Bg2 c5 15.Nc2 Bxa1
16.Nxa1 Nc6 17.Nc2 h5 18.Bb2 Kh7 19.Qd2 a5 20.a4 Nb4 21.Ne1 Rad8 22.Nf3 d5
23.Ng5+ Kg8 24.cxd5 Nxd5 25.Ne4 Be8 26.Rd1 Bc6 27.Qh6 Nf4 28.Qh8+ Kf7 29.Qg7+
Ke8 30.Rxd8+ {#r} 1-0

[Event "It"]
[Site "masterchessopen.com - Skopje (Macedonia)"]
[Round "3"]
[White "Ilievski Dimitar (MKD)"]
[Black "Knezevic Milorad (SRB)"]
[Result "0-1"]
[WhiteElo "2309"]
[BlackElo "2212"]

1.Nf3 g6 2.g3 Bg7 3.d4 f5 4.Bg2 Nf6 5.O-O O-O 6.c4 d6 7.Nc3 c6 8.Qc2 Nh5 9.b3
e5 10.dxe5 dxe5 11.Ba3 Re8 12.Rad1 Qf6 13.Rd6 Be6 14.Bb2 Bf8 15.Rd2 Nd7
16.Rfd1 Qe7 17.Bh3 Rad8 18.e4 f4 19.Bxe6+ Qxe6 20.Nxe5 Nxe5 21.Rxd8 Qh3 22.Qe2
fxg3 23.hxg3 Nxg3 24.fxg3 Bc5+ 25.R8d4 Rf8 {#R} 0-1

[Event "?"]
[Site "masterchessopen.com - URS"]
[Round "0"]
[White "Krogius Nikolai V (RUS)"]
[Black "Elizarov Andrey (RUS)"]
[Result "1-0"]
[WhiteElo "2485"]
[BlackElo "2338"]

1.Nf3 f5 2.g3 Nf6 3.Bg2 d6 4.d4 g6 5.O-O Bg7 6.c4 O-O 7.Nc3 c6 8.d5 e5 9.dxe6
Bxe6 10.b3 Ne4 11.Nxe4 Bxa1 12.Nxd6 Bg7 13.Nxb7 Qxd1 14.Rxd1 Na6 15.Ng5 Bc8
16.Nd8 Bd7 17.Nxc6 Bxc6 18.Bxc6 Rab8 19.Bd5+ Kh8 20.Nf7+ Kg8 21.Ne5+ Kh8
22.Nd7 Nb4 23.Nxf8 Rxf8 24.Be3 Nxa2 25.Bxa7 {#r} 1-0

[Event "Ch Czechoslovakia"]
[Site "masterchessopen.com - Luhacovice (Czech Republic)"]
[Round "11"]
[White "Kozma Julius (CSR)"]
[Black "Jansa Vlastimil (CZE)"]
[Result "0-1"]
[WhiteElo "2380"]
[BlackElo "2478"]

1.d4 f5 2.g3 Nf6 3.Bg2 g6 4.Nf3 Bg7 5.O-O O-O 6.c4 d6 7.Nc3 c6 8.Re1 Na6 9.e4
fxe4 10.Nxe4 Nxe4 11.Rxe4 Bf5 12.Re1 e5 13.dxe5 dxe5 14.Be3 Qxd1 15.Raxd1 Bg4
{#R} 0-1

[Event "Olympiad"]
[Site "masterchessopen.com - Skopje (Macedonia)"]
[Round "2"]
[White "Badilles Glicerio (PHI)"]
[Black "Cornelis Frans B (BEL)"]
[Result "0-1"]
[WhiteElo "2295"]
[BlackElo "2320"]

1.c4 f5 2.Nf3 Nf6 3.Nc3 d6 4.d4 c6 5.g3 g6 6.Bg2 Bg7 7.O-O O-O 8.b3 Na6 9.Bb2
Qc7 10.Rc1 Bd7 11.e3 Rae8 12.a3 Qb8 13.b4 e5 14.Ne2 e4 15.Nd2 d5 16.h4 Nc7
17.a4 a6 18.b5 axb5 19.cxb5 Ne6 20.Ba3 Rf7 21.Qb3 h6 22.Bh3 Ng4 23.f3 Nxd4
24.exd4 Bxd4+ 25.Kh1 exf3 26.Nxd4 Qxg3 27.Qxf3 Qh2# 0-1

[Event "Ch Sweden"]
[Site "masterchessopen.com - Bollnes (Sweden)"]
[Round "10"]
[White "Stenborg Ake (SWE)"]
[Black "Ekenberg Bengt (SWE)"]
[Result "0-1"]
[WhiteElo "2280"]
[BlackElo "2270"]

1.d4 f5 2.c4 Nf6 3.Nc3 g6 4.g3 Bg7 5.Bg2 O-O 6.Nf3 d6 7.O-O c6 8.d5 Qa5 9.a3
Qa6 10.Qb3 cxd5 11.cxd5 Nbd7 12.Ng5 Nc5 13.Qc2 Bd7 14.Be3 Rac8 15.Rfd1 h6
16.Nf3 Na4 17.Nh4 Nxc3 18.bxc3 Ba4 19.Qd2 Bxd1 20.Nxg6 Bxe2 21.Nxe7+ Kh7
22.Nxc8 Rxc8 23.Re1 Bd3 24.Bd4 Re8 25.Bxf6 Rxe1+ 26.Qxe1 Bxf6 27.Qe6 Qxa3
28.h4 Qxc3 {#R} 0-1

[Event "It"]
[Site "masterchessopen.com - Caracas (Venezuela)"]
[Round "17"]
[White "Villasmil L"]
[Black "Diaz Salvador"]
[Result "0-1"]
[WhiteElo "2290"]
[BlackElo "2320"]

1.c4 f5 2.d4 Nf6 3.Nc3 g6 4.Nf3 Bg7 5.g3 O-O 6.Bg2 d6 7.O-O c6 8.Qc2 Qc7 9.Re1
e5 10.dxe5 dxe5 11.e3 Nbd7 12.b3 e4 13.Nd4 Ne5 14.Bb2 Nd3 15.Red1 Ng4 16.Rf1
h5 17.Bh3 Re8 18.Bxg4 hxg4 19.Rab1 Be6 20.Nxe6 Rxe6 21.Nd1 Bxb2 22.Nxb2 Ne5
23.Kg2 Qh7 24.h4 gxh3+ 25.Kh1 Rd8 26.Qe2 Red6 27.Rfd1 Ng4 28.Rxd6 Rxd6 29.Rd1
Qd7 30.Rxd6 Qxd6 31.f3 exf3 32.Qxf3 Qd2 {#R} 0-1

[Event "It \"]
[Site "masterchessopen.com - Amsterdam (Netherlands)"]
[Round "0"]
[White "Langeweg Kick (NED)"]
[Black "Jansa Vlastimil (CZE)"]
[Result "0-1"]
[WhiteElo "2390"]
[BlackElo "2535"]

1.c4 f5 2.Nf3 Nf6 3.g3 g6 4.Bg2 Bg7 5.O-O O-O 6.d4 d6 7.Nc3 c6 8.d5 Qa5 9.Nd4
Qc5 10.dxc6 bxc6 11.Ndb5 Qb6 12.Be3 Qb7 13.Bg5 Na6 14.Rb1 Nc5 15.Nd4 Nfe4
16.Be3 Bd7 17.Qc2 Nxc3 18.bxc3 Qc7 19.Rb4 e5 20.Nb3 a5 21.Nxc5 axb4 22.Nxd7
Qxd7 23.cxb4 e4 24.f3 Ra3 {#R} 0-1

[Event "It"]
[Site "masterchessopen.com - Las Palmas (Spain)"]
[Round "1"]
[White "Olafsson Fridrik (ISL)"]
[Black "Menvielle Lacourrelle August (ESP)"]
[Result "1-0"]
[WhiteElo "2550"]
[BlackElo "2261"]

1.c4 f5 2.Nc3 Nf6 3.g3 g6 4.Bg2 Bg7 5.Nf3 O-O 6.O-O d6 7.d4 c6 8.Qc2 Kh8 9.b3
Be6 10.Bb2 Bg8 11.e4 fxe4 12.Nxe4 Nxe4 13.Qxe4 d5 14.Qe2 dxc4 15.bxc4 Nd7
16.Rfe1 Qa5 17.d5 Bf6 18.g4 cxd5 19.g5 dxc4 20.gxf6 exf6 21.Qe3 Nb6 22.Ne5 Nd5
23.Bxd5 Qxd5 24.Rad1 Qb5 25.Nxg6+ Kg7 26.Nxf8 Rxf8 27.Qg3+ {#r} 1-0

[Event "Ch DDR"]
[Site "masterchessopen.com - Groditz (Germany)"]
[Round "5"]
[White "Uhlmann Wolfgang (GER)"]
[Black "Casper Thomas (GER)"]
[Result "1-0"]
[WhiteElo "2555"]
[BlackElo "2405"]

1.c4 f5 2.Nc3 Nf6 3.Nf3 g6 4.g3 Bg7 5.Bg2 O-O 6.d4 d6 7.O-O c6 8.d5 e5 9.dxe6
Bxe6 10.b3 Bf7 11.Ng5 Na6 12.Bb2 Qe7 13.Nxf7 Rxf7 14.Qc2 Rd8 15.Rad1 Nc5 16.e3
a5 17.Rfe1 Qf8 18.Re2 Re7 19.Red2 Red7 20.a3 Re8 21.h3 Re6 22.Ne2 Re8 23.Nf4
Nce4 24.Re2 Qf7 25.Ree1 Qe7 26.Bd4 g5 27.Ne2 Qe6 28.Bb2 Nxf2 29.Nd4 Qe5
30.Qxf2 c5 31.Nxf5 {#r} 1-0

[Event "It"]
[Site "masterchessopen.com - Halle (Germany)"]
[Round "0"]
[White "Boensch Uwe (GER)"]
[Black "Vaisman Volodia (FRA)"]
[Result "0-1"]
[WhiteElo "2365"]
[BlackElo "2485"]

1.Nf3 d6 2.d4 f5 3.g3 Nf6 4.Bg2 g6 5.O-O Bg7 6.c4 O-O 7.Nc3 c6 8.b3 Nh5 9.Bb2
f4 10.d5 c5 11.Ng5 fxg3 12.fxg3 Bd4+ 13.Kh1 e5 14.Rxf8+ Qxf8 15.Qd2 Nxg3+ {#R}
0-1

[Event "It"]
[Site "masterchessopen.com - Cienfuegos (Cuba)"]
[Round "9"]
[White "Sisniega Marcel (MEX)"]
[Black "Pinal Nelson B (DOM)"]
[Result "1-0"]
[WhiteElo "2435"]
[BlackElo "2318"]

1.c4 f5 2.Nc3 Nf6 3.g3 g6 4.Bg2 Bg7 5.d4 O-O 6.Nf3 d6 7.O-O c6 8.d5 e5 9.dxe6
Bxe6 10.Qb3 b5 11.Nd4 Bxc4 12.Qc2 Qb6 13.Be3 Ng4 14.Nxf5 Nxe3 15.Nxe3 Nd7
16.Rad1 Ne5 17.b3 Bf7 18.Rxd6 Bh6 19.Ncd5 Qb8 20.Nf6+ Kh8 21.Qc5 Re8 22.Nxe8
Qxe8 23.Bxc6 Bxe3 24.fxe3 Nxc6 25.Rxc6 {#r} 1-0

[Event "Ch Sweden"]
[Site "masterchessopen.com - Sweden"]
[Round "0"]
[White "Svensson Gert (SWE)"]
[Black "Helmertz Per-Inge (SWE)"]
[Result "0-1"]
[WhiteElo "2215"]
[BlackElo "2295"]

1.d4 f5 2.c4 Nf6 3.Nc3 g6 4.g3 Bg7 5.Bg2 O-O 6.Nf3 d6 7.O-O c6 8.d5 e5 9.dxe6
Bxe6 10.Qd3 Na6 11.Bf4 Ne4 12.Nd4 Nac5 13.Nxe6 Nxd3 14.Nxd8 Nxc3 15.bxc3 Nxf4
16.Nxb7 Nxe2+ 17.Kh1 Rac8 18.Rae1 Nxc3 19.Nxd6 Rb8 20.Re7 Rfd8 21.Nb7 Rd2
22.Bxc6 Nd1 23.Bd5+ Kh8 24.Kg2 Bd4 25.Rfe1 Nc3 26.Re8+ Rxe8 27.Rxe8+ Kg7
28.Re7+ Kh6 29.Bg8 Rxf2+ 30.Kh3 Ne2 31.g4 Ng1+ {#R} 0-1

[Event "It"]
[Site "masterchessopen.com - Dortmund (Germany)"]
[Round "7"]
[White "Farago Ivan (HUN)"]
[Black "Borngaesser Rene (GER)"]
[Result "1-0"]
[WhiteElo "2510"]
[BlackElo "2370"]

1.d4 f5 2.g3 Nf6 3.Bg2 g6 4.c4 Bg7 5.Nc3 d6 6.Nf3 c6 7.O-O O-O 8.d5 e5 9.dxe6
Bxe6 10.b3 Na6 11.Bb2 Qe7 12.Ng5 Rad8 13.Nxe6 Qxe6 14.Qc2 Nc7 15.Rad1 Rd7
16.e3 Rfd8 17.Na4 Na6 18.Bd4 c5 19.Bb2 Nb4 20.Qb1 Nc6 21.Bd5 {#r} 1-0

[Event "It (open) \"]
[Site "masterchessopen.com - Oslo (Norway)"]
[Round "9"]
[White "Gereben Erno (SUI)"]
[Black "Niklasson Christer (SWE)"]
[Result "1-0"]
[WhiteElo "2320"]
[BlackElo "2350"]

1.d4 f5 2.Nf3 g6 3.c4 Nf6 4.Nc3 Bg7 5.g3 O-O 6.Bg2 d6 7.O-O c6 8.d5 e5 9.dxe6
Bxe6 10.Bf4 Bxc4 11.Qxd6 Qxd6 12.Bxd6 Re8 13.Ne5 Ba6 14.Nd3 Nbd7 15.Ba3 Ne4
16.Bxe4 fxe4 17.Nb4 Bc4 18.Rfe1 Nb6 19.Nc2 Rad8 20.Bc5 Rd2 21.Rac1 Bxc3
22.bxc3 Nd5 23.Ne3 Nxe3 24.Bxe3 Rxa2 25.Red1 Kf7 26.Rd7+ Re7 27.Rd4 Bxe2
28.Bg5 Rc7 29.Bf4 Re7 30.Bg5 {#r} 1-0

[Event "It \"]
[Site "masterchessopen.com - Prievidza (Slovakia)"]
[Round "0"]
[White "Hanko Pavol (SVK)"]
[Black "Gazik Igor (SVK)"]
[Result "0-1"]
[WhiteElo "2138"]
[BlackElo "2328"]

1.d4 f5 2.Nf3 Nf6 3.g3 g6 4.Bg2 Bg7 5.O-O O-O 6.c4 d6 7.Nc3 c6 8.Re1 Nbd7 9.e4
Nxe4 10.Nxe4 fxe4 11.Rxe4 Nf6 12.Re1 Bg4 13.Bg5 Qd7 14.Qd2 Rae8 15.Bh6 Bxh6
16.Qxh6 Bxf3 17.Bxf3 Ng4 18.Bxg4 Qxg4 19.Qe3 e5 20.dxe5 Rxe5 21.Qxa7 Rh5 22.f4
g5 23.Re4 gxf4 24.Rf1 Rxh2 25.Qe3 Rh1+ {#R} 0-1

[Event "Ch Baden"]
[Site "masterchessopen.com - Baden (Germany)"]
[Round "0"]
[White "Funk Paul (GER)"]
[Black "Manner Martin (GER)"]
[Result "1-0"]
[WhiteElo "2158"]
[BlackElo "2097"]

1.d4 f5 2.Nf3 Nf6 3.g3 g6 4.Bg2 Bg7 5.O-O O-O 6.c4 d6 7.Nc3 c6 8.d5 e5 9.dxe6
Bxe6 10.Qb3 Qb6 11.Be3 Qxb3 12.axb3 Na6 13.Rfd1 Rfd8 14.Nd4 Bf7 15.Nxc6 bxc6
16.Rxa6 Rab8 17.Ra3 d5 18.Bxa7 Rb7 19.Bc5 Rdb8 20.cxd5 Nxd5 21.Nxd5 Bxd5
22.Rxd5 Bxb2 23.Ra2 {#r} 1-0

[Event "Ch DDR"]
[Site "masterchessopen.com - DDR"]
[Round "0"]
[White "Vogt Lothar (GER)"]
[Black "Casper Thomas (GER)"]
[Result "1-0"]
[WhiteElo "2410"]
[BlackElo "2405"]

1.Nf3 f5 2.d4 Nf6 3.g3 g6 4.Bg2 Bg7 5.O-O O-O 6.c4 d6 7.Nc3 c6 8.d5 e5 9.dxc6
bxc6 10.b3 Re8 11.Ba3 d5 12.cxd5 cxd5 13.Rc1 Bb7 14.Nb5 Bc6 15.Nd6 Re6 16.Nc4
Ne4 17.Bb2 Qc7 18.Ncxe5 Bxe5 19.Nxe5 Rxe5 20.Qd4 Re7 21.Qh8+ Kf7 22.Qxh7+ Ke8
23.Qxg6+ Rf7 24.Bxe4 fxe4 25.Ba3 {#r} 1-0

[Event "corr."]
[Site "masterchessopen.com - DDR"]
[Round "0"]
[White "Steinmetzer Thomas (GER)"]
[Black "Engel Berthold (GER)"]
[Result "0-1"]
[WhiteElo "2110"]
[BlackElo "2199"]

1.c4 f5 2.Nc3 Nf6 3.g3 g6 4.Bg2 Bg7 5.Nf3 O-O 6.O-O d6 7.d4 c6 8.b4 Be6 9.Qd3
Kh8 10.Rb1 Ne4 11.Ng5 Nxg5 12.Bxg5 h6 13.Bd2 Nd7 14.f4 Nb6 15.d5 cxd5 16.cxd5
Bd7 17.Rbe1 Rc8 18.e4 Nc4 19.Ne2 Nxd2 20.Qxd2 Qb6+ 21.Kh1 Rc4 22.a3 Rfc8
23.exf5 Rc2 24.Qe3 Bxf5 25.Be4 Rd2 26.Qf3 Qb5 27.g4 Bxe4 28.Qxe4 Rcc2 29.Rf2
Qxd5 30.Qxd5 Rxd5 31.Rf3 Rdd2 32.Re3 Bf6 {#R} 0-1

[Event "It"]
[Site "masterchessopen.com - Bonn (Germany)"]
[Round "5"]
[White "Bohm Hans (NED)"]
[Black "Borngaesser Rene (GER)"]
[Result "1-0"]
[WhiteElo "2410"]
[BlackElo "2345"]

1.d4 f5 2.g3 Nf6 3.Bg2 g6 4.Nf3 Bg7 5.O-O O-O 6.c4 d6 7.Nc3 c6 8.d5 Qa5 9.Nd4
Qc5 10.Be3 Qxc4 11.Rc1 Qa6 12.b4 Qa3 13.b5 cxd5 14.Nxd5 Nxd5 15.Bxd5+ Kh8
16.Qd2 e5 17.Ne6 Bxe6 18.Bxe6 a6 19.Rc7 f4 20.gxf4 axb5 21.fxe5 Bxe5 22.Bc5
Qa5 23.Qh6 {#r} 1-0

[Event "It (b)"]
[Site "masterchessopen.com - Esbjerg (Denmark)"]
[Round "2"]
[White "Knudsen Per (DEN)"]
[Black "Fleck Juergen (GER)"]
[Result "1-0"]
[WhiteElo "2326"]
[BlackElo "2401"]

1.Nf3 g6 2.c4 f5 3.Nc3 Nf6 4.g3 Bg7 5.Bg2 O-O 6.O-O d6 7.d4 c6 8.Rb1 Qc7 9.Re1
e5 10.dxe5 dxe5 11.e4 f4 12.b4 Be6 13.c5 h6 14.Bb2 Nbd7 15.Qc2 Rfd8 16.gxf4
Nh5 17.f5 Bf7 18.Nh4 Nf8 19.fxg6 Bxg6 20.Ne2 Qe7 21.Nf5 Bxf5 22.exf5 Nd7
23.Ng3 Nf4 24.Qc4+ Kf8 25.Ne2 Qg5 26.Nxf4 exf4 27.Bxg7+ Kxg7 28.Kh1 Kh8 29.Re6
Rg8 30.Qd4+ Kh7 31.Be4 {#r} 1-0

[Event "Bundesliga 1980/81"]
[Site "masterchessopen.com - Germany"]
[Round "0"]
[White "Bachmann Karlheinz (GER)"]
[Black "Ditt Egon (GER)"]
[Result "0-1"]
[WhiteElo "2295"]
[BlackElo "2199"]

1.c4 g6 2.d4 f5 3.g3 Bg7 4.Bg2 Nf6 5.Nf3 O-O 6.O-O d6 7.Nc3 c6 8.d5 cxd5
9.cxd5 Na6 10.Be3 Nc5 11.Bd4 Bd7 12.Rc1 Qa5 13.a3 Nce4 14.Nd2 Nxc3 15.Bxc3 Qa6
16.Re1 Rac8 17.h3 Ba4 18.b3 Bd7 19.e3 Bb5 20.a4 Bd3 21.Bd4 Be2 22.Rxe2 Rxc1
23.Qxc1 Qxe2 24.Bf1 Qh5 25.Qc7 Qd1 26.Nc4 Ne4 27.Bxg7 Qe1 {#R} 0-1

[Event "Ch Europe (juniors)"]
[Site "masterchessopen.com - Groningen (Netherlands)"]
[Round "10"]
[White "Motwani Paul (SCO)"]
[Black "Akesson Ralf (SWE)"]
[Result "0-1"]
[WhiteElo "2494"]
[BlackElo "2230"]

1.d4 f5 2.c4 Nf6 3.g3 g6 4.Bg2 Bg7 5.Nf3 O-O 6.O-O d6 7.Nc3 c6 8.Re1 Ne4 9.Qc2
Nxc3 10.bxc3 e5 11.Ba3 e4 12.Nd2 Qe7 13.f3 e3 14.Nf1 g5 15.f4 gxf4 16.gxf4 Bh6
17.Ng3 Bxf4 18.Rf1 Qh4 19.Rxf4 Qxf4 20.Rf1 Qh6 21.Nxf5 Rxf5 {#R} 0-1

[Event "Ch Europe (team)"]
[Site "masterchessopen.com - Scara (Sweden)"]
[Round "0"]
[White "Vukic Milan (BIH)"]
[Black "Kaiszauri Konstanty (SWE)"]
[Result "1-0"]
[WhiteElo "2460"]
[BlackElo "2365"]

1.d4 d6 2.c4 f5 3.Nf3 Nf6 4.g3 g6 5.Bg2 Bg7 6.O-O O-O 7.Nc3 c6 8.d5 e5 9.dxe6
Bxe6 10.Qd3 Na6 11.Bf4 Ne4 12.Nxe4 fxe4 13.Qxe4 Bf5 14.Qe3 Bxb2 15.Rad1 Re8
16.Qd2 Qf6 17.e3 Ba3 18.Nd4 Bb4 19.Qe2 Bd7 20.h4 Nc7 21.Qb2 c5 22.Qb3 a5
23.Nc2 a4 24.Qd3 Bc3 25.Bxd6 Na6 26.Bxb7 Ra7 27.Be5 Qxe5 28.Qxd7 {#r} 1-0

[Event "Bundesliga 1982/83"]
[Site "masterchessopen.com - Germany"]
[Round "0"]
[White "Mueller Heinz (GER)"]
[Black "Ditt Egon (GER)"]
[Result "0-1"]
[WhiteElo "2194"]
[BlackElo "2199"]

1.c4 g6 2.Nc3 Bg7 3.Nf3 f5 4.d4 Nf6 5.g3 O-O 6.Bg2 d6 7.O-O c6 8.h3 Qc7 9.Be3
e5 10.c5 e4 11.Qb3+ d5 12.Ne1 Nh5 13.Rd1 Kh8 14.Bc1 Be6 15.e3 g5 16.Ne2 Nd7
17.Qc2 Rf7 18.b4 Rg8 19.h4 f4 20.gxf4 gxh4 21.Kh2 Ndf6 22.f3 Bf5 23.Qd2 Bh6
24.Nc3 Ng3 25.Rf2 Rfg7 26.Nc2 h3 27.Bxh3 Bxh3 28.Kxh3 Qf7 {#R} 0-1

[Event "Ch DDR (w)"]
[Site "masterchessopen.com - Salzwedel (Germany)"]
[Round "8"]
[White "Jahn Gudula (GER)"]
[Black "Bade Heidrun (GER)"]
[Result "1-0"]
[WhiteElo "1930"]
[BlackElo "1835"]

1.c4 f5 2.Nc3 Nf6 3.g3 g6 4.Bg2 Bg7 5.Nf3 O-O 6.d4 d6 7.O-O c6 8.Qc2 Qe8 9.d5
e5 10.Rd1 Qe7 11.b4 e4 12.Nd4 Ne8 13.f3 cxd5 14.Nxd5 Qf7 15.Bb2 exf3 16.exf3
Nd7 17.f4 Ndf6 18.Re1 Ne4 19.Bxe4 fxe4 20.Rxe4 Qd7 21.Ne6 Rf7 22.Nxg7 Nxg7
23.Nf6+ Rxf6 24.Bxf6 Nh5 25.Bd4 b6 26.Qe2 Bb7 27.Re7 {#r} 1-0

[Event "Ch URS (qual)"]
[Site "masterchessopen.com - Nikolaev (Ukraine)"]
[Round "0"]
[White "Mihalcisin Adrian (SLO)"]
[Black "Lerner Konstantin Z (UKR)"]
[Result "1-0"]
[WhiteElo "2465"]
[BlackElo "2495"]

1.d4 f5 2.g3 Nf6 3.Bg2 d6 4.Nf3 g6 5.O-O Bg7 6.c4 O-O 7.Nc3 c6 8.d5 Qe8 9.Rb1
Na6 10.b3 Bd7 11.Bb2 Nc5 12.b4 Na6 13.a3 Nc7 14.Qd2 Kh8 15.Rfe1 Qf7 16.e4 fxe4
17.Ng5 Qg8 18.Ncxe4 Ng4 19.Nxd6 exd6 20.Re7 Nf6 21.Bxf6 Rxf6 22.Rxd7 Rc8
23.Re1 h6 24.Ne4 {#r} 1-0

[Event "It (open)"]
[Site "masterchessopen.com - Paris (France)"]
[Round "3"]
[White "Plaskett Jim (ENG)"]
[Black "Vincent Stephane (FRA)"]
[Result "1-0"]
[WhiteElo "2425"]
[BlackElo "2231"]

1.d4 f5 2.c4 Nf6 3.Nf3 g6 4.g3 Bg7 5.Bg2 O-O 6.O-O d6 7.Nc3 c6 8.d5 e5 9.dxe6
Bxe6 10.b3 Ne4 11.Nxe4 Bxa1 12.Nfg5 Qd7 13.Nxd6 Rd8 14.Bf4 Bf6 15.e4 Be7
16.exf5 Bxf5 17.Bd5+ Kg7 18.Be5+ Bf6 19.Bxf6+ Kxf6 20.Qd4+ {#r} 1-0

[Event "It \"]
[Site "masterchessopen.com - Pasadena (USA)"]
[Round "11"]
[White "Seirawan Yasser (USA)"]
[Black "Sprenkle David (USA)"]
[Result "1-0"]
[WhiteElo "2605"]
[BlackElo "2283"]

1.c4 f5 2.d4 Nf6 3.g3 g6 4.Bg2 Bg7 5.Nc3 O-O 6.Nf3 d6 7.O-O c6 8.b3 a5 9.a4
Na6 10.Ba3 h6 11.Rc1 Qe8 12.e3 g5 13.Ne1 Qg6 14.Nd3 Ne4 15.Ne2 Nc7 16.f3 Nf6
17.Qd2 Be6 18.Nf2 Rf7 19.Bb2 h5 20.Bc3 b6 21.e4 Bh6 22.d5 Bd7 23.dxc6 Bxc6
24.exf5 Qh7 25.Bxf6 Rxf6 26.Nd4 Bd7 27.Ne4 {#r} 1-0

[Event "Ch Czechoslovakia"]
[Site "masterchessopen.com - Sumperk (Czech Republic)"]
[Round "0"]
[White "Smejkal Jan (CZE)"]
[Black "Priehoda Vitezslav (CZE)"]
[Result "1-0"]
[WhiteElo "2540"]
[BlackElo "2275"]

1.c4 f5 2.g3 d6 3.Bg2 g6 4.d4 Bg7 5.Nc3 Nf6 6.Nf3 O-O 7.O-O c6 8.d5 e5 9.dxe6
Bxe6 10.b3 Na6 11.Bb2 Qe7 12.Ng5 Rad8 13.Nxe6 Qxe6 14.Qc2 Nc5 15.Rad1 Rfe8
16.e3 Nfe4 17.Ne2 Bxb2 18.Qxb2 a5 19.Qc2 Qe5 20.a3 Na6 21.Rd4 Ng5 22.Rb1 Ne6
23.Rd2 Qc5 24.b4 axb4 25.axb4 Nxb4 26.Qa4 Ra8 27.Qxb4 Qxb4 28.Rxb4 Ra1+ 29.Bf1
Ng5 30.Kg2 {#r} 1-0

[Event "It (open)"]
[Site "masterchessopen.com - Iraklion (Greece)"]
[Round "0"]
[White "Kotronias Vasilios (GRE)"]
[Black "Yilmaz Turhan (TUR)"]
[Result "1-0"]
[WhiteElo "2593"]
[BlackElo "2254"]

1.Nf3 f5 2.d4 Nf6 3.g3 g6 4.Bg2 Bg7 5.O-O O-O 6.c4 d6 7.Nc3 c6 8.d5 e5 9.dxe6
Bxe6 10.b3 a5 11.Bb2 Na6 12.Ng5 Bc8 13.Qd2 Nc5 14.Rad1 Ne8 15.Rfe1 a4 16.bxa4
Nxa4 17.Nxa4 Rxa4 18.Bd5+ cxd5 19.Qxd5+ Kh8 20.Nf7+ Rxf7 21.Qxf7 Nf6 22.Bxf6
Bxf6 23.e4 Ra5 24.exf5 Re5 25.fxg6 hxg6 26.Rxe5 Bxe5 27.Qxg6 Qc7 28.c5 Qh7
29.Qxh7+ Kxh7 30.cxd6 Bd7 31.a4 {#r} 1-0

[Event "It (open) \"]
[Site "masterchessopen.com - USA"]
[Round "2"]
[White "Salman Nachum (USA)"]
[Black "Sprenkle David (USA)"]
[Result "0-1"]
[WhiteElo "2242"]
[BlackElo "2283"]

1.d4 f5 2.c4 Nf6 3.Nc3 g6 4.Nf3 Bg7 5.g3 O-O 6.Bg2 d6 7.O-O c6 8.Qc2 Na6 9.a3
Qc7 10.b4 e5 11.dxe5 dxe5 12.Bb2 e4 13.Nd4 Qf7 14.Na4 Nc7 15.f3 exf3 16.exf3
Ne6 17.Ne2 f4 18.g4 h5 19.h3 Nd7 20.Bxg7 Qxg7 21.Rad1 Ne5 22.Rd2 hxg4 23.hxg4
Ng5 24.Rd6 Be6 25.Nb2 Rae8 26.Nd4 Nef7 27.Nxe6 Nxe6 28.Rd2 Nd4 29.Qa4 Qe5
30.Nd1 Ne2+ 31.Kf2 Ng3 32.Rg1 Qe2+ {#R} 0-1